A linkelés szerzői jogi vonatkozásai Négyszögletes dugó a hatszögletű lyukba? /

Elmentve itt :
Bibliográfiai részletek
Szerző: Mezei Péter
Dokumentumtípus: Cikk
Megjelent: 2015
Sorozat:INFOKOMMUNIKÁCIÓ ÉS JOG 12 No. 61
Tárgyszavak:
mtmt:2901225
Online Access:http://publicatio.bibl.u-szeged.hu/26203
LEADER 00806nab a2200205 i 4500
001 publ26203
005 20230117092454.0
008 230117s2015 hu o 0|| Magyar d
022 |a 1786-0776 
024 7 |a 2901225  |2 mtmt 
040 |a SZTE Publicatio Repozitórium  |b hun 
041 |a Magyar 
100 1 |a Mezei Péter 
245 1 2 |a A linkelés szerzői jogi vonatkozásai  |h [elektronikus dokumentum] :  |b Négyszögletes dugó a hatszögletű lyukba? /  |c  Mezei Péter 
260 |c 2015 
300 |a 30-39 
490 0 |a INFOKOMMUNIKÁCIÓ ÉS JOG  |v 12 No. 61 
650 4 |a Jogtudomány 
856 4 0 |u http://publicatio.bibl.u-szeged.hu/26203/1/Alinkelesszerzoijogivonatkozasai_03.16..pdf  |z Dokumentum-elérés  
856 4 0 |u http://publicatio.bibl.u-szeged.hu/26203/7/2901225_c%C3%ADmlap_tartalom.pdf  |z Dokumentum-elérés